| 000 | 01003pam a2200265 a 4500 | ||
|---|---|---|---|
| 001 | 4979798 | ||
| 003 | ARRUPE | ||
| 005 | 20141210020005.0 | ||
| 008 | 980409s1998 ne a b 001 0 eng | ||
| 010 | _a 98021372 | ||
| 020 | _a0792350952 (hbk. : alk. paper) | ||
| 040 |
_aDLC _cDLC _dDLC |
||
| 050 | 0 | 0 |
_aHF5387 _b.K354 1998 |
| 082 | 0 | 0 |
_a174/.4 _221 |
| 100 | 1 |
_aKaptein, Muel. _912998 |
|
| 245 | 1 | 0 |
_aEthics management : _bauditing and developing the ethical content of organizations / _cby Muel Kaptein. |
| 260 |
_aDordrecht ; _aBoston : _bKluwer Academic Publishers, _cc1998. |
||
| 300 |
_aix, 228 p. : _bill. ; _c25 cm. |
||
| 440 | 0 |
_aIssues in business ethics ; _vv. 10 _912999 |
|
| 504 | _aIncludes bibliographical references (p. [201]-212) and index. | ||
| 650 | 0 |
_aBusiness ethics. _912111 |
|
| 906 |
_a7 _bcbc _corignew _d1 _eocip _f19 _gy-gencatlg |
||
| 942 |
_2lcc _cMONOGRAPH _01 |
||
| 999 |
_c121368 _d121368 |
||